000 02224nam a22003977a 4500
999 _c21837
_d21837
003 AR-CdUCM
008 190425b ||||| |||| 00| 0 spa d
040 _aMUNICIPALIDAD PROVINCIAL DEL CUSCO
_cBIBLIOTECA MUNICIPAL DEL CUSCO
082 _aRev.Andi/N°14/1989
110 _aCentro Bartolomé de Las Casas
_93293
245 _aRevista andina /
_cCentro de estudios rurales andinos Bartolomé de Las Casas Cusco
260 _aCusco :
_bCentro Bartolomé de Las Casas,
_c1989.
300 _a321-606 páginas. :
_c23 cm.
440 _aPublicación Semestral del Centro Bartolomé de Las Casas Cusco.
_nAño 7, Número 14, N°2, Segundo semestre 1989.
_946340
500 _aLos andes siglo XIX.
505 _aContenido: Curagas y tenientes políticos la ley de la costumbre y la ley del estado Otavalo 1830-1875. Andrés Guerrero. -- Poder y contribuciones Puno 1825-1845. Christine Hünefeldt. -- Libre comercio, élites regionales y mercado interno en el sur del Perú, 1895-1932. Nils Jacobsen. -- Comunidad, autoridad indígena y poder republicano en el siglo XIX. Martha Moscoso C. -- La danza de Los Avelinos, sus orígenes y sus múltiples significados. Zoila S. Mendoza. -- Un nuevo aporte a la lingüística andina. Willem F. H. Adelaar. -- Muyu Orqo y Ccoipa dos nuevos tipos de cerámica para la región del Cusco. Brian S. Bauer. -- El horizonte Chavín ¿Quimera estilística o metamorfosis socioeconómica?. Richard L. Burger. -- Música andina breve introducción bibliográfica. André Langevin.
650 _aCultura andina
_946341
650 _aElites regionales
_946342
650 _aFolklore
_946343
650 _aMúsica andina
_922217
650 _aCultura Chavín
_946344
650 _aCerámica preincaica
_946345
650 _aAlfarería prehispánica
_946346
650 _aLingüística andina
_946322
700 _aGuerrero, Andrés
_946347
700 _aHünefeldt, Christine
_946201
700 _aJacobsen, Nils
_944745
700 _aMoscoso, Martha
_946348
700 _aMendoza, Zoila
_946349
700 _aAdelaar, Willem
_946350
700 _aBauer, Brian
_97686
700 _aBurger, Richard
_946351
700 _aLangevin, André
_946352
942 _2ddc
_cPP
945 _arac